000 00705nam a22002417a 4500
001 22139
003 UA-OsUOA
005 20210916094551.0
007 ta
008 20031217b un ||||| |||| 00| 0 ukr d
040 _aUA-OsUOA
_brus
_cUA-OsUOA
_dUA-OsUOA
041 _arus
044 _aRU
080 _a1(091)"6"
090 _a1(091)"6"
_bД42
100 _aДжохадзе Д. В.
245 _aОсновные этапы развития античной философи: к анализу диалектики историко-философского процесса
260 _aМосква
_bНаука
_c1977
300 _a295 с.
650 7 _2UDC
942 _cBK
_2udc
955 _a0
999 _c308353
_d308353